000 01088cam a22003014a 4500
999 _c57484
_d57484
001 15802646
005 20221107153701.0
008 090702s2010 flua 001 0 eng
010 _a 2009027560
020 _a9781420088779 (pbk. : alk. paper) X
020 _a1420088777 (pbk. : alk. paper) X
035 _a(OCoLC)ocn423572387
041 _aeng
080 _a616+612+613 B-45
082 0 0 _a616.07
_222
100 1 _aBerdanier, Lynne.
_98808
245 1 0 _aCase studies in physiology and nutrition /
_cLynne Berdanier, Carolyn D. Berdanier.
260 _aBoca Raton :
_bCRC Press,
_cc2010.
300 _a156 p. :
_bill. ;
_c26 cm.
650 1 2 _aNutritional Physiological Phenomena
_vProblems and Exercises.
_98811
650 2 2 _aHomeostasis
_vProblems and Exercises.
_98812
650 2 2 _aMetabolic Diseases
_vProblems and Exercises.
_98813
650 2 2 _aNutrition Disorders
_vProblems and Exercises.
_98814
653 _aფიზიოლოგია კვებაში
653 _aმედიცინა
700 1 _aBerdanier, Carolyn D.
_98815
942 _2udc
_cBK